000 00297nam a22001337a 4500
008 181206b xxu||||| |||| 00| 0 eng d
020 _a9780871203427
041 _aeng
080 _a370
100 _a47
101 _aEDU
245 _aThe Differentiated Classroom
_cCarol.a
942 _2udc
_cBK
999 _c52960
_d52960